| 000 | 00642nam a22001697a 4500 | ||
|---|---|---|---|
| 999 |
_c14946 _d14946 |
||
| 003 | AR-CdUCM | ||
| 008 | 190425b ||||| |||| 00| 0 spa d | ||
| 040 |
_aMUNICIPALIDAD PROVINCIAL DEL CUSCO _cBIBLIOTECA MUNICIPAL DEL CUSCO |
||
| 082 |
_aC / 051.990 / _bC74 |
||
| 245 |
_aCuzco histórico : _bórgano de la comisión historio eclesiástico / |
||
| 260 |
_aCuzco : _bLiga sagrada, _c1920. |
||
| 300 |
_a190 páginas ; _c21 cm. |
||
| 440 |
_aRevista histórico arqueológia _n01 _933931 |
||
| 505 | _aLos monasterios del Cuzco -- Los apuntes de un viaje al Cuzco -- Actas ineditas del cabildo del Cuzco ... | ||
| 942 |
_2ddc _cPP |
||
| 945 | _awfj | ||